Language in culture and society : (Record no. 65280)
[ view plain ]
| 000 -LEADER | |
|---|---|
| fixed length control field | 00697nam a2200229 a 4500 |
| 001 - CONTROL NUMBER | |
| control field | 65280 |
| 003 - CONTROL NUMBER IDENTIFIER | |
| rucl marc code | BD-RjUL |
| 005 - DATE AND TIME OF LATEST TRANSACTION | |
| control field | 20211209081415.0 |
| 008 - FIXED-LENGTH DATA ELEMENTS--GENERAL INFORMATION | |
| fixed length control field | 170304s1964 nyuab b 001 0 eng d |
| 035 ## - SYSTEM CONTROL NUMBER | |
| System control number | (BD-RjUL)65410 |
| 040 ## - CATALOGING SOURCE | |
| Original cataloging agency | LC |
| Language of cataloging | eng |
| Transcribing agency | BD-RjUL |
| 041 ## - LANGUAGE CODE | |
| Language code of text/sound track or separate title | eng |
| 082 00 - DEWEY DECIMAL CLASSIFICATION NUMBER | |
| Classification number | 306.44 |
| Edition number | 23 |
| Author mark and year | HYL 1964 |
| 100 ## - MAIN ENTRY--PERSONAL NAME | |
| Personal name | Hymes, Dell. |
| 9 (RLIN) | 193229 |
| 245 10 - TITLE STATEMENT | |
| Title | Language in culture and society : |
| Remainder of title | a reader in linguistics and anthropology / |
| Statement of responsibility, etc. | Dell Hymes. |
| 260 ## - PUBLICATION, DISTRIBUTION, ETC. (IMPRINT) | |
| Place of publication, distribution, etc. | New York : |
| Name of publisher, distributor, etc. | Harper & Row, |
| Date of publication, distribution, etc. | c1964. |
| 300 ## - PHYSICAL DESCRIPTION | |
| Pagination | xxxv, 764 p. : |
| Illustrations | ill. ; |
| Size | 27 cm. |
| 504 ## - BIBLIOGRAPHY, ETC. NOTE | |
| Bibliography, etc | Includes bibliography and Indexes |
| 650 #0 - SUBJECT ADDED ENTRY--TOPICAL TERM | |
| Topical term or geographic name as entry element | Language and languages. |
| 9 (RLIN) | 181890 |
| Topical term or geographic name as entry element | Anthropology |
| 9 (RLIN) | 170297 |
| 942 ## - ADDED ENTRY ELEMENTS (KOHA) | |
| Source of classification or shelving scheme | Dewey Decimal Classification |
| Koha item type | Books |
| Lost status | Source of classification or shelving scheme | Damaged status | Not for loan | Collection code | Permanent Location | Current Location | Shelving location | Date acquired | Source of acquisition | Total Checkouts | Full call number | Date last seen | Copy number | Koha item type |
|---|---|---|---|---|---|---|---|---|---|---|---|---|---|---|
| Dewey Decimal Classification | Not For Loan | Non-fiction | Central Library, University of Rajshahi | Central Library, University of Rajshahi | Reading Room | 04/03/2017 | College of Social Work, R. U. | 306.44 HYL 1964 | 04/03/2017 | C-1 | Books |